000 00408pab a2200145 454500
008 180718b1997 xxu||||| |||| 00| 0 eng d
100 _aHandy, Femida
245 _aCoexistence of nonprofit, for profit and public sector institutions
260 _c1997
300 _ap.201-23
362 _aJun
650 _aNonprofit organizations
773 _aAnnals of Public and Cooperative Economics
909 _a42660
999 _c42660
_d42660